Der Veitsdom zu Prag : aus dem tschech. Orig. /

Hlavní autor: Pavel, Jakub, 1903-1974
Jazyk: Němčina
Vydáno: Berlin : Union Verlag, 1962
Edice: Christliche Denkmal
Fyzický popis: 61 s.
Knihy
Uloženo v:
LEADER 00750nam a2200241 a 4500
001 000619027
003 CZ BrMZK
005 20110722141616.0
007 ta
008 020826s1962 gw f ger d
040 |a BOA001  |b cze  |c BOA001 
041 1 |a ger  |h cze 
100 1 |a Pavel, Jakub,  |d 1903-1974  |7 jk01092020  |4 aut 
245 1 4 |a Der Veitsdom zu Prag :  |b aus dem tschech. Orig. /  |c Jakub Pavel 
260 |a Berlin :  |b Union Verlag,  |c 1962 
300 |a 61 s. 
490 1 |a Das christliche Denkmal ;  |v Hft. 39/40 
500 |a 1.-10. Taus. 
504 |a Obsahuje bibliografii 
830 0 |a Christliche Denkmal 
910 |a BOA001  |b X-0491.147 
990 |a BK 
996 7 |b 2618948453  |c X-0491.147  |l MZK  |r Sklad / do 24 hodin  |n 0  |w 000619027  |u 000010  |a 1  |e BOA001  |j MZK50  |s A